| 000 | 00535nam a2200217Ia 4500 | ||
|---|---|---|---|
| 003 | OSt | ||
| 005 | 20230424112952.0 | ||
| 008 | 210423s2005 xx 000 0 und d | ||
| 020 | _a3-13-131991-7 | ||
| 040 | _cAL | ||
| 041 | _aeng | ||
| 082 |
_a616.01 _223 _bKAYM |
||
| 100 |
_aKAYSER (Fritz H) and others _991981 |
||
| 245 | _aMedical microbiology | ||
| 260 |
_aNew York _bThieme _c2005 |
||
| 300 |
_axxvi,698 _bPB |
||
| 365 |
_b4500 _cINR |
||
| 650 |
_aDiseases _991982 |
||
| 906 | _aMedical ; microbiology | ||
| 942 |
_2ddc _cBK |
||
| 999 |
_c170106 _d170106 |
||